000 00740nam a2200205 a 4500
001 1244
005 20140414131855.0
008 041111s19uu xx 00 eng d
020 _a0-06-443264-5
050 _aFIC
_bB274Wi 1989
100 _aBarret, Joyce Durham
245 _aWillie's not the hugging kind /
_cby Joyce Durham Barret ; illustrated by Pat Cummings.
260 _aNew York :
_bHarperCollins,
_c1989.
300 _a32 p. : ill. ; cm.
520 _aWillie's best friend Jojo thinks hugging is silly, so Willie stops hugging everybody but he soon misses giving and getting hugs from his family.
650 _aHugging
_xFiction.
650 _aFriendship
_xFiction.
650 _aSelf-confidence
_xFiction.
999 _c110422
_d110422